Wirkung von endogen freigesetztem CGRP durch Gabe von exogenem Capsaicin auf die akute experimentelle Pankreatitis im Rattenmodell

Saved in:
Bibliographic Details
Main Author: Heck, Matthias (Author)
Format: Book/Monograph Thesis
Language:German
Published: 2008
Subjects:
Online Access: Get full text
Author Notes:vorgelegt von Matthias Heck

MARC

LEADER 00000cam a2200000 c 4500
001 1371478708
003 DE-627
005 20240503203406.0
007 tu
008 090114s2008 xx ||||| m 00| ||ger c
035 |a (DE-627)1371478708 
035 |a (DE-576)301478708 
035 |a (DE-599)BSZ301478708 
035 |a (OCoLC)316276266 
040 |a DE-627  |b ger  |c DE-627  |e rakwb 
041 |a ger 
084 |a 33  |2 sdnb 
100 1 |a Heck, Matthias  |d 1981-  |0 (DE-588)137079834  |0 (DE-627)694868035  |0 (DE-576)301478600  |4 aut 
245 1 0 |a Wirkung von endogen freigesetztem CGRP durch Gabe von exogenem Capsaicin auf die akute experimentelle Pankreatitis im Rattenmodell  |c vorgelegt von Matthias Heck 
264 1 |c 2008 
300 |a 101 Bl.  |b Ill., graph. Darst. 
336 |a Text  |b txt  |2 rdacontent 
337 |a ohne Hilfsmittel zu benutzen  |b n  |2 rdamedia 
338 |a Band  |b nc  |2 rdacarrier 
502 |a Heidelberg, Univ., Diss., 2008 
583 1 |a Archivierung prüfen  |c 20200919  |f DE-640  |z 1  |2 pdager 
583 1 |a Archivierung/Langzeitarchivierung gewährleistet  |f DISS  |x XA-DE-BW  |2 pdager  |5 DE-16 
655 7 |a Hochschulschrift  |0 (DE-588)4113937-9  |0 (DE-627)105825778  |0 (DE-576)209480580  |2 gnd-content 
751 |a Heidelberg  |0 (DE-588)4023996-2  |0 (DE-627)106300814  |0 (DE-576)208952578  |4 uvp 
951 |a BO 
992 |a 20150402 
993 |a Thesis 
994 |a 2008 
998 |g 137079834  |a Heck, Matthias  |m 137079834:Heck, Matthias  |d 50000  |d 51001  |e 50000PH137079834  |e 51001PH137079834  |k 0/50000/  |k 1/50000/51001/  |p 1  |x j  |y j 
999 |a KXP-PPN1371478708  |e 2836987189 
BIB |a Y 
JSO |a {"origin":[{"dateIssuedKey":"2008","dateIssuedDisp":"2008"}],"title":[{"title_sort":"Wirkung von endogen freigesetztem CGRP durch Gabe von exogenem Capsaicin auf die akute experimentelle Pankreatitis im Rattenmodell","title":"Wirkung von endogen freigesetztem CGRP durch Gabe von exogenem Capsaicin auf die akute experimentelle Pankreatitis im Rattenmodell"}],"id":{"eki":["1371478708"]},"noteThesis":["Heidelberg, Univ., Diss., 2008"],"name":{"displayForm":["vorgelegt von Matthias Heck"]},"person":[{"role":"aut","display":"Heck, Matthias","given":"Matthias","family":"Heck"}],"physDesc":[{"extent":"101 Bl.","noteIll":"Ill., graph. Darst."}],"type":{"bibl":"thesis"},"language":["ger"],"recId":"1371478708"} 
SRT |a HECKMATTHIWIRKUNGVON2008